[Event "33rd Leon Blitz Open 2020"]
[Site "chess.com INT"]
[Date "2020.07.14"]
[Round "5"]
[White "Primbetov, Kazbek"]
[Black "Xu, Yuanyuan"]
[Result "1-0"]
[WhiteTitle "FM"]
[BlackTitle "WGM"]
[WhiteElo "2207"]
[BlackElo "2317"]
[WhiteFideId "13702297"]
[BlackFideId "8601089"]
[EventDate "2020.07.14"]
[EventType "blitz"]

1. d4 d5 2. Nf3 Nf6 3. g3 c5 4. Bg2 cxd4 5. Nxd4 e5 6. Nb3 Be6 7. c4 Nc6 8. cxd5
Nxd5 9. O-O Be7 10. N1d2 O-O 11. Ne4 b6 12. Bd2 Rc8 13. Rc1 a5 14. Nc3 Nxc3 15.
Rxc3 Nd4 16. Nxd4 exd4 17. Rxc8 Qxc8 18. Qa4 Qc4 19. Qd1 Qxa2 20. Bc1 Qc4 21.
Bf4 Rc8 22. Qd2 Bb4 23. Qd1 Bf5 24. Bb7 Rd8 25. Bf3 Bc2 26. Qc1 d3 27. exd3 Bxd3
28. Rd1 Qxc1 29. Bxc1 Be7 30. Be3 Bc2 31. Rc1 Bb3 32. Bxb6 Rb8 33. Bxa5 Bg5 34.
Rc7 h6 35. Bc3 Be6 36. h4 Bd8 37. Ra7 Bb6 38. Ra8 Rxa8 39. Bxa8 Kf8 40. Bc6 f6
41. Kg2 Ke7 42. Bb4+ Kd8 43. Bf8 g5 44. Bxh6 gxh4 45. gxh4 Bd4 46. b4 Kc7 47.
Be4 Kb6 48. Be3 Bxe3 49. fxe3 Kb5 50. h5 f5 51. h6 Bg8 52. Bxf5 Kxb4 53. h7 Bxh7
54. Bxh7 Kc5 55. Kf3 Kd5 56. Kf4 Ke6 57. Bd3 Kd5 58. Kf5 Kd6 59. Kf6 Kd5 60. Bg6
Kd6 61. e4 Kd7 62. e5 Kd8 63. e6 Kc7 64. e7 Kd6 65. e8=Q 1-0

[Event "33rd Leon Blitz Open 2020"]
[Site "chess.com INT"]
[Date "2020.07.14"]
[Round "5"]
[White "Puranik, Abhimanyu"]
[Black "Sjugirov, Sanan"]
[Result "1/2-1/2"]
[WhiteTitle "GM"]
[BlackTitle "GM"]
[WhiteElo "2584"]
[BlackElo "2675"]
[WhiteFideId "5061245"]
[BlackFideId "4189302"]
[EventDate "2020.07.14"]
[EventType "blitz"]

1. c4 Nf6 2. Nf3 e6 3. b3 b6 4. Bb2 Bb7 5. e3 d5 6. Be2 Nbd7 7. O-O Bd6 8. Nc3
a6 9. Rc1 O-O 10. d4 Qe7 11. cxd5 exd5 12. Qc2 Rac8 13. Rfd1 Rfe8 14. h3 c5 15.
dxc5 bxc5 16. Qb1 Bb8 17. Rd2 d4 18. exd4 Bf4 19. Rcd1 Bxd2 20. Rxd2 Ne4 21.
Nxe4 Bxe4 22. Qa1 cxd4 23. Bxd4 Nf6 24. Bxa6 Ra8 25. Bc4 Bxf3 26. gxf3 Qd7 27.
Qf1 Nh5 28. Be3 Qc7 29. Qg2 g6 30. Qh2 Qa5 31. Qd6 Rad8 32. Qc6 Rf8 33. Rxd8
Rxd8 34. Qb7 Qf5 35. Kg2 Nf4+ 36. Bxf4 Qxf4 37. Qe4 Qg5+ 38. Qg4 Qf6 39. a4 h5
40. Qe4 Qg5+ 41. Kh2 Qc5 42. Qe3 Qc7+ 43. Kg2 Qa5 44. Qf4 Rf8 45. Qf6 Kh7 46.
Bxf7 Qf5 47. Qxf5 gxf5 48. Be6 Kg6 49. b4 Kf6 50. Bc4 Ke5 51. a5 Kd4 52. Be2 Kc3
53. b5 Kb4 54. a6 Rg8+ 55. Kf1 Kc5 56. h4 f4 57. Bd3 Re8 58. Be4 Kb6 59. Bc6 Re7
60. Kg2 Rg7+ 61. Kf1 Re7 62. Bb7 Re5 63. Bc6 Re7 1/2-1/2

[Event "33rd Leon Blitz Open 2020"]
[Site "chess.com INT"]
[Date "2020.07.14"]
[Round "5"]
[White "Dhulipalla, Bala Chandra Prasad"]
[Black "Eljanov, Pavel"]
[Result "1-0"]
[WhiteTitle "IM"]
[BlackTitle "GM"]
[WhiteElo "2441"]
[BlackElo "2672"]
[WhiteFideId "25005812"]
[BlackFideId "14102951"]
[EventDate "2020.07.14"]
[EventType "blitz"]

1. d4 Nf6 2. Bf4 d5 3. e3 e6 4. Nd2 Bd6 5. Ngf3 O-O 6. Bd3 c5 7. dxc5 Bxc5 8.
O-O Nc6 9. c4 a6 10. Rc1 Ba7 11. h3 Qe7 12. Bh2 Rd8 13. a3 h6 14. Qe2 e5 15.
cxd5 Rxd5 16. Ne4 Ne8 17. Nc3 Rd8 18. Be4 f6 19. Nh4 Nd6 20. Bb1 g5 21. Nf3 Be6
22. Rfd1 Nf7 23. Qc2 Rxd1+ 24. Rxd1 Rd8 25. Qg6+ Kf8 26. Rxd8+ Qxd8 27. Bg3 Bc5
28. Kh2 Be7 29. Be4 Ke8 30. Bf5 Bxf5 31. Qxf5 Qd7 32. Qg6 Qe6 33. e4 Kd7 34. Nd5
Bd8 35. Nd2 Nd4 36. Nc4 b5 37. Nce3 Nd6 38. Ng4 Qf7 39. Ngxf6+ Bxf6 40. Nxf6+
Ke6 41. Qxf7+ Nxf7 42. Nd5 Kd6 43. f3 Nb3 44. Be1 Kc5 45. Nc7 a5 46. Kg1 Kc4 47.
Kf2 Nc5 48. Ke2 a4 49. Nd5 Kb3 50. Bc3 Ne6 51. Kd2 Nd4 52. Nc7 Nd6 53. Kd3 Nc4
54. Bxd4 exd4 55. Kxd4 b4 56. Nb5 Nxb2 57. e5 bxa3 58. Nxa3 Kxa3 59. e6 Kb3 60.
e7 a3 61. e8=Q a2 62. Qb5+ Ka3 63. Kc3 Nd1+ 64. Kc2 Ne3+ 65. Kd3 Nd1 66. Qa5+
Kb2 67. Qd2+ 1-0

[Event "33rd Leon Blitz Open 2020"]
[Site "chess.com INT"]
[Date "2020.07.14"]
[Round "5"]
[White "Mikhalevski, Victor"]
[Black "Bodnaruk, Anastasia"]
[Result "0-1"]
[WhiteTitle "GM"]
[BlackTitle "IM"]
[WhiteElo "2565"]
[BlackElo "2411"]
[WhiteFideId "2801914"]
[BlackFideId "4181751"]
[EventDate "2020.07.14"]
[EventType "blitz"]

1. d4 Nf6 2. Nf3 g6 3. g3 Bg7 4. Bg2 O-O 5. O-O d6 6. b3 c6 7. Bb2 Nbd7 8. Nbd2
Re8 9. a4 Qc7 10. a5 Rb8 11. Nc4 b5 12. axb6 axb6 13. Re1 b5 14. Ncd2 c5 15. e4
e5 16. dxe5 dxe5 17. Qe2 Nf8 18. Nf1 Bb7 19. N3d2 Ne6 20. c3 Bc6 21. Ne3 Red8
22. Red1 b4 23. c4 Nd4 24. Bxd4 exd4 25. Nd5 Bxd5 26. cxd5 Nd7 27. Nc4 d3 28.
Qxd3 Bxa1 29. Rxa1 Ra8 30. Rc1 Ne5 31. Qc2 Nxc4 32. Qxc4 Rdc8 33. h4 Ra2 34. Bh3
Re8 35. Bg2 Rc8 36. Qd3 Qe5 37. Qe3 Ra1 38. Kh2 Rxc1 39. Qxc1 Qd4 40. Qf4 c4 41.
bxc4 Qxc4 42. d6 b3 43. Qf6 Qe6 44. Qd4 Rb8 45. d7 Rd8 46. Bh3 Rxd7 47. Qc5 Qe7
48. Qc3 Rb7 49. Qb2 Qxe4 50. Bg2 Qc2 51. Qe5 b2 52. Bxb7 b1=Q 53. Qe8+ Kg7 54.
Qe5+ Kf8 55. Qd6+ Kg8 56. Qd8+ Kg7 57. Qd4+ f6 58. Qd7+ Kh6 59. Kg2 Qcd1 60.
Qxd1 Qxd1 61. Bf3 Qd4 62. Bc6 Kg7 63. Bf3 h5 64. Be2 Kh6 65. Bf3 g5 66. hxg5+
fxg5 67. Bc6 g4 68. Kg1 Kg5 69. Kg2 h4 70. gxh4+ Kxh4 71. Bb7 Qd2 72. Kf1 g3 0-1

[Event "33rd Leon Blitz Open 2020"]
[Site "chess.com INT"]
[Date "2020.07.14"]
[Round "5"]
[White "Savanovic, Aleksandar"]
[Black "Chan, Yi Ren Daniel"]
[Result "0-1"]
[WhiteTitle "IM"]
[BlackTitle "FM"]
[WhiteElo "2410"]
[BlackElo "2316"]
[WhiteFideId "914932"]
[BlackFideId "5801583"]
[EventDate "2020.07.14"]
[EventType "blitz"]

1. d4 d5 2. Bf4 c5 3. e3 Nc6 4. c3 Qb6 5. Qb3 c4 6. Qc2 Nf6 7. Nd2 g6 8. e4 e6
9. Be2 Bg7 10. Ngf3 O-O 11. O-O Qd8 12. Rfe1 b5 13. a3 a5 14. exd5 exd5 15. Ne5
Ne7 16. Bf3 Bf5 17. Qc1 Rc8 18. Nf1 Be4 19. Ne3 Re8 20. N3g4 Nxg4 21. Bxg4 Bf5
22. Bxf5 Nxf5 23. Qd2 Nd6 24. Bh6 Re6 25. Bxg7 Kxg7 26. f3 h5 27. Qc2 Qg5 28. g3
Rce8 29. f4 Qh6 30. Nf3 h4 31. Rxe6 Rxe6 32. Nxh4 Ne4 33. Rf1 Qh5 34. Qg2 Nf6
35. Nf3 Ng4 36. Ne5 Ne3 37. Qf3 Nxf1 38. Qxh5 gxh5 39. Kxf1 f6 40. Nd7 Kf7 41.
Nc5 Re7 42. Kf2 Kg6 43. h3 Kf5 44. Kf3 Re1 45. g4+ hxg4+ 46. hxg4+ Kg6 47. Nb7
Rf1+ 48. Kg3 Rb1 49. Nxa5 Rxb2 50. Nc6 Rb3 51. Ne7+ Kf7 52. Nxd5 Rxa3 53. g5
fxg5 54. fxg5 Ke6 55. Nc7+ Kf5 56. Nxb5 Rb3 57. Nd6+ Kxg5 58. Kf3 Rxc3+ 59. Ke4
Rc1 60. Kd5 c3 61. Ne4+ Kf4 62. Nc5 Ke3 63. Kc4 c2 64. Kc3 Ke2 65. Nb3 Kd1 66.
d5 Rb1 67. d6 Rxb3+ 68. Kxb3 c1=Q 69. d7 Qd2 0-1

[Event "33rd Leon Blitz Open 2020"]
[Site "chess.com INT"]
[Date "2020.07.14"]
[Round "5"]
[White "Horak, Martin"]
[Black "Aditya, Mittal"]
[Result "0-1"]
[WhiteTitle "FM"]
[BlackTitle "IM"]
[WhiteElo "2341"]
[BlackElo "2438"]
[WhiteFideId "367095"]
[BlackFideId "35042025"]
[EventDate "2020.07.14"]
[EventType "blitz"]

1. e4 c5 2. Nf3 d6 3. Bb5+ Nd7 4. O-O a6 5. Bd3 Ngf6 6. Re1 b5 7. c4 b4 8. Bc2
Ne5 9. b3 Nxf3+ 10. Qxf3 e5 11. a3 a5 12. axb4 cxb4 13. d4 Nd7 14. Bb2 Bb7 15.
Qg3 Qe7 16. Nd2 g6 17. dxe5 dxe5 18. Nf3 Bg7 19. Rad1 f6 20. Qh3 Nc5 21. Nd2 O-O
22. Nf1 Bc8 23. Qf3 Bh6 24. Bc1 Bxc1 25. Rxc1 Ne6 26. Bd1 Nd4 27. Qd3 Be6 28.
Ne3 Qc5 29. Nc2 Rad8 30. Nxd4 Rxd4 31. Qg3 Rfd8 32. Bg4 Bf7 33. h4 Rd3 34. Re3
Rxe3 35. fxe3 Rd3 36. Rf1 Kg7 37. h5 Qxe3+ 38. Qxe3 Rxe3 39. h6+ Kxh6 40. Rxf6
Kg7 41. Ra6 Rxe4 42. Bf3 Re3 43. Rxa5 Rxb3 44. Ra7 Kf6 45. c5 Rc3 46. c6 b3 47.
Rb7 Be6 48. Kh2 h5 49. Kg3 Kg5 50. Kh2 Kf4 51. Re7 Bf5 52. Rb7 e4 53. Bd1 Rxc6
54. Rxb3 h4 55. g3+ hxg3+ 56. Rxg3 Rd6 57. Ba4 Rd2+ 58. Rg2 Rxg2+ 59. Kxg2 e3
60. Bb5 Be4+ 61. Kf1 g5 62. Bd7 Bd3+ 63. Ke1 g4 64. Kd1 g3 65. Ke1 g2 0-1

[Event "33rd Leon Blitz Open 2020"]
[Site "chess.com INT"]
[Date "2020.07.14"]
[Round "5"]
[White "Bartel, Mateusz"]
[Black "Gavilan Diaz, Mario"]
[Result "1-0"]
[WhiteTitle "GM"]
[BlackTitle "FM"]
[WhiteElo "2648"]
[BlackElo "2278"]
[WhiteFideId "1112635"]
[BlackFideId "2260905"]
[EventDate "2020.07.14"]
[EventType "blitz"]

1. e4 c5 2. Nf3 Nf6 3. Nc3 d5 4. exd5 Nxd5 5. Bb5+ Bd7 6. a4 a6 7. Bxd7+ Qxd7 8.
O-O Nc6 9. b3 Nxc3 10. dxc3 Qxd1 11. Rxd1 e6 12. c4 Be7 13. Bb2 Bf6 14. Bxf6
gxf6 15. Kf1 Ke7 16. Ke2 f5 17. g3 Rad8 18. Rd2 Rxd2+ 19. Kxd2 Rd8+ 20. Kc3 e5
21. Re1 e4 22. Nh4 Kf6 23. Ng2 Nd4 24. Ne3 Nf3 25. Re2 Nxh2 26. f4 Nf3 27. a5
Nd4 28. Rh2 Kg6 29. Nd5 Nc6 30. Rh1 Nxa5 31. Ne7+ Kf6 32. Nd5+ Kg7 33. Rh5 Nc6
34. Rg5+ Kf8 35. Rxf5 Nd4 36. Rh5 Ne2+ 37. Kd2 Nxg3 38. Rxh7 Ke8 39. Ke3 Nf5+
40. Kxe4 Nd6+ 41. Ke5 Kd7 42. Nf6+ Kc6 43. Rh6 Nc8 44. Ne4+ Kc7 45. Nxc5 Rd2 46.
Rf6 Re2+ 47. Kd4 Nd6 48. Kd3 Re1 49. b4 Rd1+ 50. Ke2 Rc1 51. Kd2 Rf1 52. Ke2 Rc1
53. Nb3 Rxc2+ 54. Kd3 Rf2 55. c5 Rf3+ 56. Kc2 Rf2+ 57. Kc1 Rf1+ 58. Kc2 Rf2+ 59.
Kb1 Nc4 60. Nd4 Na3+ 61. Kc1 Nc4 62. Rxf7+ Kc8 63. Ne6 Kb8 64. f5 Ne3 65. Rf8+
Ka7 66. f6 Nd5 67. f7 Nxb4 68. Ng5 Na2+ 69. Kd1 Nc3+ 70. Ke1 Rf5 71. Rg8 Re5+
72. Kd2 Rd5+ 73. Kxc3 Rxc5+ 74. Kd4 Rxg5 1-0

[Event "33rd Leon Blitz Open 2020"]
[Site "chess.com INT"]
[Date "2020.07.14"]
[Round "5"]
[White "Degenbaev, Aziz"]
[Black "Villalba, Marcelo"]
[Result "1/2-1/2"]
[BlackTitle "IM"]
[WhiteElo "1816"]
[BlackElo "2258"]
[WhiteFideId "13802640"]
[BlackFideId "3701859"]
[EventDate "2020.07.14"]
[EventType "blitz"]

1. c4 c5 2. Nf3 Nc6 3. d4 cxd4 4. Nxd4 g6 5. g3 Bg7 6. Nc2 d6 7. Bg2 Nf6 8. O-O
O-O 9. Nd2 Bd7 10. Ne3 Rc8 11. Rb1 a5 12. b3 Nd4 13. Bb2 Nc6 14. Nd5 Nxd5 15.
Bxg7 Kxg7 16. cxd5 Nb4 17. a3 Na6 18. b4 axb4 19. axb4 Bb5 20. f4 Qb6+ 21. Kh1
Qe3 22. Bf3 Rc7 23. f5 Rfc8 24. fxg6 hxg6 25. Ne4 f5 26. Rb3 Qh6 27. Qd4+ Kg8
28. Nc3 Rc4 29. Qb6 Rxc3 30. Rxc3 Rxc3 31. Qxb5 Rc1 32. Qe8+ Kh7 33. Qxe7+ Kh8
34. Qd8+ Kh7 35. Qd7+ Kh8 36. Rxc1 Qxc1+ 37. Kg2 Qc7 38. Qe8+ Kg7 39. h4 Nxb4
40. h5 Qf7 41. Qe3 Nxd5 42. Qd4+ Nf6 43. hxg6 Qxg6 44. Qxd6 Ng4 45. Qe7+ Qf7 46.
Qg5+ Qg6 47. Qe7+ Qf7 48. Qxf7+ Kxf7 49. Bxb7 Kf6 50. Kf3 Ne5+ 51. Kf4 Ng6+ 52.
Ke3 Ne5 53. Kd4 Ng4 54. Bf3 Ne5 55. Bh5 Nc6+ 56. Kd5 Nb4+ 57. Kc4 Nc2 58. Bf3
Ne3+ 59. Kd4 Nf1 60. g4 f4 61. Ke4 Kg5 62. Kd3 Ne3 63. Ke4 Nxg4 64. Kd3 Ne5+ 65.
Ke4 Ng4 66. Kd3 Nf2+ 67. Kd4 Kh4 68. Ke5 Kg3 69. Kf5 Nd1 70. Kg5 Nc3 71. Bh5
Ne4+ 72. Kf5 Nf2 73. Kg5 Nd1 74. e4 fxe3 75. Bxd1 Kf2 76. Kf4 e2 77. Bxe2 1/2-1/2

[Event "33rd Leon Blitz Open 2020"]
[Site "chess.com INT"]
[Date "2020.07.14"]
[Round "5"]
[White "Keosidi, Konstantin"]
[Black "Bauer, Christian"]
[Result "0-1"]
[WhiteTitle "FM"]
[BlackTitle "GM"]
[WhiteElo "2404"]
[BlackElo "2623"]
[WhiteFideId "4175247"]
[BlackFideId "603767"]
[EventDate "2020.07.14"]
[EventType "blitz"]

1. e4 Nc6 2. Nc3 e6 3. g3 d5 4. Bg2 Nf6 5. d3 Bb4 6. Bd2 O-O 7. Nge2 d4 8. Nb1
Bc5 9. O-O e5 10. h3 a5 11. f4 a4 12. f5 h6 13. g4 Nh7 14. Bc1 b5 15. Nd2 Be7
16. Nf3 b4 17. Bd2 Ba6 18. b3 Bb5 19. Qe1 Ng5 20. Nh2 Ra6 21. h4 Nh7 22. Nf3
axb3 23. axb3 Rxa1 24. Qxa1 Bxh4 25. Nxh4 Qxh4 26. Bf3 Ng5 27. Qe1 Qxe1 28. Bxe1
Ra8 29. Nc1 Ra1 30. Bd2 Nxf3+ 31. Rxf3 Rb1 32. Rf2 Rb2 33. Be1 Rb1 34. Bd2 f6
35. Kf1 Na7 36. Ke2 c5 37. Kd1 Be8 38. Rh2 Nb5 39. Rh3 Na3 40. Rh2 Rb2 41. Be1
Bf7 42. Bh4 Nb1 43. Be1 Kh7 44. Rg2 g5 45. Rh2 h5 46. Rh1 Kh6 47. Rh2 Na3 48.
Bg3 Kg7 49. Be1 hxg4 50. Bg3 Nb1 51. Be1 Be8 52. Rh1 Na3 53. Rh2 Rb1 54. Bg3 Ra1
55. Be1 Nb5 56. Bd2 Bf7 57. Be1 Ra8 58. Rh1 Rh8 59. Rxh8 Kxh8 60. Ne2 Kg8 61.
Bg3 Kg7 62. Bf2 Nd6 63. Bg3 Be8 64. Ke1 Bd7 65. Kf2 Bc6 66. Ke1 Nxe4 67. dxe4
Bxe4 68. Kd2 Bxf5 69. Nc1 Kf7 70. Nd3 Bxd3 71. Kxd3 Ke6 72. Kc4 f5 73. Kxc5 f4
74. Be1 g3 75. Kxb4 g2 76. Bf2 Kd5 77. c4+ dxc3 78. Kxc3 e4 79. Bg1 g4 80. b4 g3
81. Kd2 Kc4 82. Ke2 Kxb4 83. Ba7 Kc4 0-1

[Event "33rd Leon Blitz Open 2020"]
[Site "chess.com INT"]
[Date "2020.07.14"]
[Round "5"]
[White "Zverev, Lev"]
[Black "Gabriel, Robert"]
[Result "1/2-1/2"]
[WhiteTitle "CM"]
[BlackTitle "FM"]
[WhiteElo "2087"]
[BlackElo "2236"]
[WhiteFideId "24250775"]
[BlackFideId "4606477"]
[EventDate "2020.07.14"]
[EventType "blitz"]

1. e4 c5 2. Nf3 d6 3. d4 cxd4 4. Nxd4 Nf6 5. Nc3 e5 6. Nb3 Be7 7. Be2 O-O 8. Be3
a5 9. g4 a4 10. Nd2 Be6 11. g5 Nfd7 12. h4 Nc5 13. Rg1 Nc6 14. h5 Nd4 15. Bg4
Bxg5 16. Bxe6 Ncxe6 17. Nf3 Bxe3 18. fxe3 Nxf3+ 19. Qxf3 Qh4+ 20. Ke2 h6 21. Nd5
Kh8 22. Rg4 Qxh5 23. Rag1 f6 24. Rg6 Qxf3+ 25. Kxf3 Ng5+ 26. Kg4 Kh7 27. Kf5 Rf7
28. c3 b5 29. Rg2 Rc8 30. b3 axb3 31. axb3 Ra8 32. Rg1 Ra2 33. Rf1 Rb2 34. c4
Rxb3 35. cxb5 Rxb5 36. Rf2 Rb1 37. Nc3 Re1 38. Ne2 Ra7 39. Ng3 Rxe3 40. Nh5 Rxe4
41. Rxg5 Rh4 42. Rxg7+ Rxg7 43. Nxf6+ Kh8 44. Ra2 Rf4+ 45. Ke6 Rxf6+ 46. Kxf6
Kh7 47. Rd2 Rd7 48. Ke6 Rd8 49. Ke7 Ra8 50. Rxd6 e4 51. Re6 Ra4 52. Kf7 h5 53.
Re5 Kh6 54. Kf6 Ra6+ 55. Kf5 Ra8 56. Kxe4 Kg6 57. Kf4 Rf8+ 58. Kg3 Rf5 59. Re8
Kg5 60. Rg8+ Kh6 61. Kh4 Ra5 62. Rh8+ Kg6 63. Rb8 Ra4+ 64. Kg3 Kg5 65. Rb5+ Kg6
66. Rc5 Ra3+ 67. Kg2 Ra4 68. Rb5 Ra3 69. Rc5 Ra4 70. Rb5 Ra3 71. Rb6+ Kg5 72.
Rb5+ Kg6 1/2-1/2

[Event "33rd Leon Blitz Open 2020"]
[Site "chess.com INT"]
[Date "2020.07.14"]
[Round "5"]
[White "Ziatdinov, Raset"]
[Black "Tanaka, Taira Tyler"]
[Result "1-0"]
[WhiteTitle "GM"]
[BlackTitle "CM"]
[WhiteElo "2213"]
[BlackElo "2107"]
[WhiteFideId "2015323"]
[BlackFideId "7002351"]
[EventDate "2020.07.14"]
[EventType "blitz"]

1. e4 c5 2. Nf3 d6 3. d4 cxd4 4. Nxd4 Nf6 5. Nc3 g6 6. Be2 Bg7 7. O-O Nc6 8. Re1
O-O 9. Nb3 a6 10. Bf1 b5 11. Nd5 Nd7 12. a4 b4 13. a5 Bb7 14. h4 e6 15. Ne3 Nc5
16. Nxc5 dxc5 17. Qxd8 Raxd8 18. Nc4 Nd4 19. Bd3 h5 20. Bf4 Bf6 21. Bd6 Rfe8 22.
Bxc5 b3 23. Nd6 Re7 24. e5 Bxe5 25. Rxe5 Nxc2 26. Rd1 Bd5 27. Bxa6 Ra8 28. Ne4
Rc7 29. Nf6+ Kg7 30. Bb6 Rxa6 31. Nxd5 Rd7 32. Nc3 Rxd1+ 33. Nxd1 Ra8 34. Nc3
Kf6 35. Rb5 Rc8 36. a6 e5 37. a7 Nd4 38. Rb4 Nc6 39. Rxb3 Nxa7 40. Bxa7 Ra8 41.
Be3 Rc8 42. Rb6+ Kf5 43. Nd5 Rc2 44. f3 e4 45. Rf6+ Ke5 46. fxe4 Kxe4 47. Rxf7
Kxd5 48. Bg5 Rxb2 49. Rf6 Ke4 50. Kh2 Ra2 51. Rxg6 Kf5 52. Rh6 Kg4 53. Re6 Kf5
54. Rf6+ Ke5 55. Rf3 Ke4 56. Kg3 Ra8 57. Rf4+ Ke5 58. Rf6 Ra3+ 59. Kh2 Ra2 60.
Rh6 Kf5 61. Rxh5 Kg6 62. Rh8 Kg7 63. Rb8 Ra4 64. Rb6 Kf7 65. Kh3 Kg7 66. g3 Rc4
67. h5 Ra4 68. Rb7+ Kg8 69. h6 Ra6 70. Kg4 Kh8 71. Kh5 Rc6 72. Bf4 Re6 73. Kg5
Re8 74. Kf5 Kg8 75. Be5 Kf8 76. Bg7+ Kg8 77. Bf6 Kf8 78. h7 Re7 79. Bxe7+ Ke8
80. Bf6 Kf8 81. h8=Q# 1-0

[Event "33rd Leon Blitz Open 2020"]
[Site "chess.com INT"]
[Date "2020.07.14"]
[Round "5"]
[White "Buksa, Nataliya"]
[Black "Eswaran, Ashritha"]
[Result "1/2-1/2"]
[WhiteTitle "IM"]
[BlackTitle "WIM"]
[WhiteElo "2410"]
[BlackElo "2244"]
[WhiteFideId "14123622"]
[BlackFideId "2080788"]
[EventDate "2020.07.14"]
[EventType "blitz"]

1. d4 Nf6 2. Nc3 d5 3. Bf4 c5 4. e3 a6 5. Nf3 Nc6 6. Be2 Bg4 7. O-O e6 8. Ne5
Bxe2 9. Nxe2 Bd6 10. Bg3 O-O 11. c4 Ne7 12. b3 Nf5 13. Qc2 cxd4 14. exd4 Rc8 15.
Qd3 Nxg3 16. Nxg3 dxc4 17. Nxc4 Bxg3 18. hxg3 b5 19. Ne3 Nd5 20. Rac1 Qd6 21. a4
Nb4 22. Qd2 Nd5 23. Rxc8 Rxc8 24. Rc1 Rc6 25. Nxd5 Qxd5 26. axb5 axb5 27. Rxc6
Qxc6 28. Qg5 Qd7 29. Qc5 h6 30. Kf1 Qb7 31. Kg1 Kh7 32. f3 Qa6 33. g4 Qa5 34.
Qc2+ g6 35. Qe4 Qc7 36. Qe5 Qc1+ 37. Kh2 b4 38. Qc5 Qf4+ 39. Kh1 Qd2 40. Qc7 Kg7
41. Qe5+ Kg8 42. Qb8+ Kh7 43. Qc7 Qe1+ 44. Kh2 Qh4+ 45. Kg1 Qf6 46. Qc4 Qe7 47.
Qc5 Qb7 48. Kf2 Kg8 49. Ke3 Qb8 50. Kd3 Qg3 51. Qxb4 Qxg2 52. Qb8+ Kg7 53. Qe5+
Kg8 54. Qe2 Qg3 55. b4 Qb8 56. Kc3 Qb6 57. Qc4 h5 58. gxh5 gxh5 59. Qc5 Qb7 60.
Qg5+ Kf8 61. Qh6+ Ke7 62. Qg5+ Ke8 63. Qxh5 Qc6+ 64. Kb3 Qa6 65. b5 Qa1 66. Kc4
Qa2+ 67. Kc5 Qa7+ 68. Kc4 Qa2+ 69. Kd3 Qb3+ 70. Ke2 Qb2+ 71. Ke3 Qb3+ 72. Ke4
Qb1+ 73. Kf4 Qc1+ 74. Ke5 Qe3+ 75. Kd6 Qxd4+ 76. Kc6 Qd7+ 77. Kb6 Qd8+ 78. Kc5
Qc7+ 79. Kb4 Qf4+ 80. Kb3 Qe3+ 81. Ka4 Qd4+ 82. Ka5 Qa7+ 83. Kb4 Qd4+ 84. Kb3 e5
85. Qh8+ Ke7 86. Qb8 Qd3+ 87. Kb4 Qd6+ 88. Qxd6+ Kxd6 89. Kc4 f5 90. b6 e4 91.
fxe4 fxe4 92. Kd4 Kc6 93. Kxe4 Kxb6 1/2-1/2

[Event "33rd Leon Blitz Open 2020"]
[Site "chess.com INT"]
[Date "2020.07.14"]
[Round "5"]
[White "Petkov, Momchil"]
[Black "Amin, Bassem"]
[Result "0-1"]
[WhiteTitle "FM"]
[BlackTitle "GM"]
[WhiteElo "2315"]
[BlackElo "2686"]
[WhiteFideId "2921642"]
[BlackFideId "10601457"]
[EventDate "2020.07.14"]
[EventType "blitz"]

1. e4 e5 2. Nf3 Nc6 3. Bb5 a6 4. Ba4 Nf6 5. O-O Be7 6. Re1 b5 7. Bb3 d6 8. c3
O-O 9. h3 Nb8 10. d4 Nbd7 11. Nbd2 Bb7 12. Bc2 Re8 13. Nf1 Bf8 14. Ng3 g6 15. a4
c5 16. d5 c4 17. Bg5 h6 18. Be3 Nc5 19. Qd2 h5 20. Bxc5 dxc5 21. Nf1 Nd7 22. Qe2
Nb6 23. Ne3 Bh6 24. Nd2 Nc8 25. axb5 axb5 26. b3 cxb3 27. Nxb3 c4 28. Nc5 Rxa1
29. Rxa1 Qb6 30. Nxb7 Qxb7 31. Rb1 Qa6 32. Bd1 Nd6 33. Nc2 Qa2 34. Ra1 Qb2 35.
Qe1 b4 36. cxb4 Nb5 37. Qf1 Nd4 38. Qxc4 Nxc2 39. Ra2 Na3 40. Qb3 Qxb3 41. Bxb3
Nb5 42. Bc4 Rb8 43. Ra5 Nd6 44. Bd3 Rxb4 45. Ra8+ Bf8 46. Ra6 Kg7 47. f3 h4 48.
Be2 Rb2 49. Bd3 Rd2 50. Bf1 Be7 51. Rc6 Kf8 52. Ba6 Ke8 53. Kf1 Kd7 54. Be2 Bg5
55. Ke1 Ra2 56. Rb6 Be3 57. Rb1 Bd4 58. Kf1 Ra1 59. Rxa1 Bxa1 60. g3 g5 61. gxh4
gxh4 62. Kf2 Bd4+ 63. Kg2 Be3 64. Bd1 f5 65. Ba4+ Ke7 66. exf5 Nxf5 67. Bc2 Nd6
68. Kf1 Kf6 69. Ke2 Bc5 70. Ba4 Kg5 71. Bd7 Kf4 72. Bg4 Bb6 73. Kd3 Kg5 74. Kc3
Bc5 75. Kd3 Kf6 76. Kc3 Ke7 77. Kd3 Bb6 78. Be6 Ne8 79. Ke4 Kf6 80. Bg4 Nd6+ 81.
Kd3 Kg5 82. Kc3 Bc5 83. Kd3 Kf4 84. Ke2 Nf7 85. Be6 Ng5 86. Bg4 Kg3 87. Kd3 Nxh3
88. Kc4 Be7 89. Kb5 Nf2 90. Be6 Kxf3 91. Kc6 e4 92. d6 Bg5 93. Bd5 h3 94. d7 h2
95. d8=Q Bxd8 0-1

[Event "33rd Leon Blitz Open 2020"]
[Site "chess.com INT"]
[Date "2020.07.14"]
[Round "5"]
[White "Muradli, Mahammad"]
[Black "Matlakov, Maxim"]
[Result "0-1"]
[WhiteTitle "IM"]
[BlackTitle "GM"]
[WhiteElo "2449"]
[BlackElo "2685"]
[WhiteFideId "13409301"]
[BlackFideId "4168003"]
[EventDate "2020.07.14"]
[EventType "blitz"]

1. d4 Nf6 2. c4 e6 3. Nf3 d5 4. Nc3 Nbd7 5. Bg5 Bb4 6. e3 c5 7. cxd5 exd5 8.
dxc5 Qa5 9. Bxf6 Nxf6 10. Rc1 Bxc3+ 11. bxc3 Qxc5 12. Be2 O-O 13. O-O Be6 14.
Nd4 Bd7 15. c4 Rac8 16. cxd5 Qxd5 17. Qd2 b6 18. Bf3 Qd6 19. Qb2 Ng4 20. Bxg4
Bxg4 21. h3 Bd7 22. Rfd1 Qf6 23. Qa3 a5 24. Qb3 h6 25. Rb1 Rb8 26. Rbc1 Rfd8 27.
Rc7 b5 28. Qa3 Qb6 29. Rdc1 b4 30. Qb3 a4 31. Qc4 b3 32. axb3 axb3 33. Rb1 b2
34. Qc2 Ba4 35. Qc4 Be8 36. Qc5 Qg6 37. Qc2 Qb6 38. Rc3 Bd7 39. Rb3 Qf6 40.
R1xb2 Rbc8 41. Rc3 Rxc3 42. Qxc3 Rc8 43. Qd2 Qg6 44. Kh2 Qd6+ 45. Kg1 Qg6 46.
Kh1 Ra8 47. Rc2 Ra1+ 48. Rc1 Ra8 49. Qc2 Qh5 50. Qe4 Re8 51. Qf3 Qe5 52. Kg1 h5
53. Ne2 g6 54. Nd4 Rb8 55. Ne2 Re8 56. Qf4 Qe7 57. Nd4 Qa3 58. Rc7 Qa4 59. h4
Rc8 60. Rxc8+ Bxc8 61. Qc7 Qd7 62. Qf4 Kg7 63. f3 Qd5 64. Kh2 Bd7 65. Ne2 Qe6
66. Ng3 Bc6 67. e4 Qe7 68. Nf1 Kg8 69. Ne3 Qe6 70. Qb8+ Kh7 71. Kg3 Kg7 72. Qf4
Kg8 73. Kf2 Kg7 74. Qg5 Kg8 75. Kg3 Kh7 76. Qf4 Kg8 77. Nf1 Bd7 78. Nd2 Kh7 79.
Qe3 Bc6 80. Nb3 Bd7 81. Nd4 Qd6+ 82. Kf2 Qh2 83. Qg5 Qd6 84. Qd5 Qe7 85. Kg3 Kg8
86. Ne2 Be6 87. Qe5 Qd8 88. Nf4 Bb3 89. Qb5 Ba2 90. Qd3 Qc7 91. Qd4 Be6 92. e5
Ba2 93. Qd8+ Qxd8 0-1

[Event "33rd Leon Blitz Open 2020"]
[Site "chess.com INT"]
[Date "2020.07.14"]
[Round "6"]
[White "Bethke, Richard"]
[Black "Kotsur, Pavel"]
[Result "1-0"]
[WhiteTitle "FM"]
[BlackTitle "GM"]
[WhiteElo "2332"]
[BlackElo "2517"]
[WhiteFideId "12959243"]
[BlackFideId "13700278"]
[EventDate "2020.07.14"]
[EventType "blitz"]

1. e4 e6 2. d4 d5 3. Nd2 a6 4. Ngf3 Nf6 5. Bd3 c5 6. exd5 Nxd5 7. dxc5 Nf4 8.
Nb3 Nxd3+ 9. cxd3 Bxc5 10. Nxc5 Qa5+ 11. Bd2 Qxc5 12. Rc1 1-0

[Event "33rd Leon Blitz Open 2020"]
[Site "chess.com INT"]
[Date "2020.07.14"]
[Round "6"]
[White "Li, Hui"]
[Black "Savanovic, Aleksandar"]
[Result "1/2-1/2"]
[WhiteTitle "CM"]
[BlackTitle "IM"]
[WhiteElo "1985"]
[BlackElo "2410"]
[WhiteFideId "15400310"]
[BlackFideId "914932"]
[EventDate "2020.07.14"]
[EventType "blitz"]

1. e4 c6 2. d4 d5 3. Nd2 dxe4 4. Nxe4 Nf6 5. Nxf6+ exf6 6. Bc4 Bd6 7. Qe2+ Be7
8. c3 O-O 9. Be3 Bd6 10. O-O-O f5 11. Qh5 f4 12. Bd2 Qf6 13. Nf3 Qe6 14. Bxe6 1/2-1/2